01599nam a2200409 i 4500001000700000003000800007005001700015006001900032007001500051008004100066020002700107035002300134035002400157035002500181035002100206040003100227050002300258080001000281082001500291245017800306264004600484300004100530336003100571337003300602338004300635500002200678588012700700650001800827650004500845650002300890650005200913655002700965700004200992700005001034700004301084856006201127103151FlNmELB20241217173302.0m o d | cr cnu||||||||150108s2010 ag o 001 0 spa d a9789875991538 (e-book) a(MiAaPQ)EBC3226230 a(Au-PeEL)EBL3226230 a(CaPaEBR)ebr10995397 a(OCoLC)929775008 aFINmELBbspaerdacFINmELB 4aHV5801b.D784 2010 a304.20 a363.4522300aDrogas y prohibición :buna vieja guerra, un nuevo debate /cJuan Gabriel Tokatlian (compilador) ; traducción: Carlos Morales de Setien Ravina, María Mercedes Gómez. 1aBuenos Aires :bLibros del Zorzal,c2010. a1 recurso en línea (407 páginas) atextobtxt2rdacontent/spa acomputadorabc2rdamedia/spa arecurso en líneabcr2rdacarrier/spa aIncluye índice. aDescripción basada en recurso en línea; Título de la página del título en PDF (e-libro, visto January 08, 2015). 0aDrug control. 0aDrug controlxInternational cooperation. 4aControl de drogas. 4aControl de drogasxCooperación internacional. 4aLibros electrónicos.1 aTokatlian, Juan Gabriel,ecompilador.1 aMorales de Setien Ravina, Carlos,etraductor.1 aGómez, María Mercedes,etraductor.40uhttps://elibro.net/ereader/politecnicointernacional/78277